skbl

Dr Suryya Kumar Bhuyan Library Web-OPAC
ডঃ সূৰ্য্য
কুমাৰ ভূঞা পুথিভঁৰাল ৱেব-অ'পেক

All Research Scholars are advised to clear the annual library fees to continue using Library Resources, Remote Access, Plagiarism Test and Library Clearance.

Cotton University Book Fair 2026

Fundamentals of Historical Geology and Stratigraphy of India (Record no. 59252)

MARC details
000 -LEADER
fixed length control field 00565nam a2200181Ia 4500
001 - CONTROL NUMBER
control field 59373
008 - FIXED-LENGTH DATA ELEMENTS--GENERAL INFORMATION
fixed length control field 151211n ii |||gr||||Z||||||465
020 ## - INTERNATIONAL STANDARD BOOK NUMBER
International Standard Book Number 978-0-85226-745-5
082 ## - DEWEY DECIMAL CLASSIFICATION NUMBER
Classification number 551.7
100 ## - MAIN ENTRY--PERSONAL NAME
Personal name kumar,
Relator term Ravindra.
245 #0 - TITLE STATEMENT
Title Fundamentals of Historical Geology and Stratigraphy of India
Statement of responsibility, etc. Ravindra kumar
Medium Textual Documents
250 ## - EDITION STATEMENT
Edition statement Ist ed - 1998.
260 ## - PUBLICATION, DISTRIBUTION, ETC.
Place of publication, distribution, etc. New Delhi
Name of publisher, distributor, etc. New Age International ( P ) Limited
300 ## - PHYSICAL DESCRIPTION
Extent 253p:
Dimensions 24cm.
653 ## - INDEX TERM--UNCONTROLLED
Uncontrolled term Historical Geology and Stratigraphy of India
653 ## - INDEX TERM--UNCONTROLLED
Uncontrolled term Dept - Geology
942 ## - ADDED ENTRY ELEMENTS (KOHA)
Source of classification or shelving scheme Dewey Decimal Classification
Koha item type Books
Holdings
Withdrawn status Lost status Damaged status Not for loan Collection Home library Current library Shelving location Date acquired Source of acquisition Coded location qualifier Cost, normal purchase price Total checkouts Full call number Barcode Date last seen Copy number Price effective from Koha item type Public note
          Dr. Suryya Kumar Bhuyan Library Dr. Suryya Kumar Bhuyan Library   11/12/2015 24 00000 195.00   551.7 Ka96Fu 766/Geol 14/01/2024 1 11/12/2015 Books 24

Designed and Maintained by Team SKBL
©1901-2026

Powered by Koha